000 004730000a22001690004500
003 MACL
005 20160108122009.0
008 160108b xxu||||| |||| 00| 0 eng d
040 _aMACL
_cMACL
041 _aEnglish
082 _a910/PAL
100 _aNansen, Dr Fridtjof
_929535
245 _aFarthest North
_bThe Norwegian Polar Expedition 1893-1896 vol 1
260 _bArchibald Constable & Co Ltd
_c1897
_aLondon
650 _aTravel
_929536
942 _cBK
_k910/PAL
_2ddc
999 _c38535
_d38535